000 00821cam a22002537 4500
001 a4348469
003 CO-ViMGA
005 20230915225027.0
008 081006s2008 sp a | |||| 000 0 spa
020 _a9788426136558
040 _aCO-ViMGA
_bspa
_cCO-ViMGA
041 1 _heng
090 _aC
_bTHOy
100 1 _aThomas, Pat
_d1959-
_9499
240 1 0 _aMy manners matter
_lEspañǫl
245 1 0 _aŁVaya modales!
_h[Texto impreso] :
_bhablemos de la buena educacion̤
_cPat Thomas ; con ilustraciones de Lesley Harker ; [traduccin̤, Maria Lucchetti Bochaca]
250 _a1® ed.
260 _aBarcelona
_bJuventud
_c2008
300 _a29 p.
_bil. col.
_c22 x 25 cm
490 0 _aHablemos de la buena educación
650 1 7 _aEtiqueta para niǫs
_2embne
_9781
700 1 _aHarker, Lesley
_9500
942 _2ddc
_cBK
999 _c12138
_d12138